00728 2200277 4500001002100000005001500021035002000036007000300056040001700059100002400076245005600100250001200156300003900168041000800207082000800215084001400223090001900237264003200256336002100288337003000309338002300339650001300362850001000375008004100385990002400426INLIS00000000000734420260602033303 a0010-0822000318ta aSBPUPADbind0 aN.A HudaePengarang1 aTips-Tips Penting Seputar Mobil & Motor /cN.A Huda a.-cet.1 a165 hlm :bilus. ;c14,5 x 20,5 cm07aind a620 a620 HUD t a620 HUD t 19-2 a.--Surabaya :bIndah,c2008 2rdacontentateks 2rdamediaatanpa perantara 2rdacarrieravolume 4aOtomotif aPUPAD260602 0  a7970/ARPUS/PDG/2008